[Event "Lloyds Bank Masters 11th"]
[Site "London"]
[Date "1987.08.29"]
[Round "8"]
[White "Prasad, Devaki V"]
[Black "Rivello, Roberto"]
[Result "1-0"]
[WhiteElo "2425"]
[BlackElo "2225"]
[PlyCount "49"]
[EventDate "1987.08.22"]
[EventType "swiss"]
[EventRounds "10"]
[EventCountry "ENG"]
[SourceTitle "BritBase"]
[Source "John Saunders"]
[SourceDate "2022.12.30"]
[SourceVersion "1"]
[SourceVersionDate "2022.12.30"]
[SourceQuality "1"]

1. e4 c5 2. Nf3 d6 3. d4 cxd4 4. Nxd4 Nf6 5. Nc3 e6 6. g4 Nc6 7. g5 Nd7 8. Be3
Be7 9. h4 O-O 10. Qe2 a6 11. Bg2 Nxd4 12. Bxd4 b5 13. e5 d5 14. a3 Nb8 15. f4
Nc6 16. Bf2 Qa5 17. O-O b4 18. axb4 Qxb4 19. Qd2 Na5 20. Ra4 Nc4 21. Qd4 Qxb2
22. Rxc4 dxc4 23. Bxa8 Qxc2 24. Be4 Qb3 25. Rb1 1-0

[Event "Lloyds Bank Masters 11th"]
[Site "London"]
[Date "1987.08.29"]
[Round "8"]
[White "Ravikumar, Vaidyanathan"]
[Black "Sowray, Peter John"]
[Result "1-0"]
[WhiteElo "2305"]
[BlackElo "2315"]
[PlyCount "85"]
[EventDate "1987.08.22"]
[EventType "swiss"]
[EventRounds "10"]
[EventCountry "ENG"]
[SourceTitle "BritBase"]
[Source "John Saunders"]
[SourceDate "2022.12.30"]
[SourceVersion "1"]
[SourceVersionDate "2022.12.30"]
[SourceQuality "1"]

1. d4 d5 2. Nf3 Nc6 3. Bf4 Bg4 4. e3 e6 5. Be2 Bd6 6. c3 Nf6 7. Nbd2 O-O 8. h3
Bxf3 9. Nxf3 Qe7 10. O-O e5 11. Bg5 e4 12. Nd2 h6 13. Bxf6 Qxf6 14. c4 Qe6 15.
cxd5 Qxd5 16. Bc4 Qf5 17. Qg4 Qxg4 18. hxg4 Na5 19. Bd5 Bb4 20. Nxe4 c6 21. Bb3
Nxb3 22. axb3 Rfe8 23. f3 a6 24. Kf2 Rad8 25. Rfc1 Rd5 26. Nc3 Rd7 27. Ne4 Rd5
28. Rc4 Rb5 29. Ke2 Bf8 30. Rc3 Rd8 31. Ra4 g6 32. Rac4 Ra5 33. Rc1 Kg7 34. Kd3
Rad5 35. Nc5 Bxc5 36. Rxc5 R5d6 37. Re5 Kf8 38. b4 R8d7 39. Rh1 Kg7 40. Kc4 b6
41. Ra1 Kf6 42. Rxa6 c5 43. bxc5 1-0

[Event "Lloyds Bank Masters 11th"]
[Site "London"]
[Date "1987.08.29"]
[Round "8"]
[White "Rogers, Ian"]
[Black "Kudrin, Sergey"]
[Result "1-0"]
[WhiteElo "2530"]
[BlackElo "2515"]
[PlyCount "135"]
[EventDate "1987.08.22"]
[EventType "swiss"]
[EventRounds "10"]
[EventCountry "ENG"]
[SourceTitle "BritBase"]
[Source "John Saunders"]
[SourceDate "2022.12.30"]
[SourceVersion "1"]
[SourceVersionDate "2022.12.30"]
[SourceQuality "1"]

1. e4 c5 2. Nf3 d6 3. d4 cxd4 4. Nxd4 Nf6 5. Nc3 g6 6. Be3 Bg7 7. f3 Nc6 8. Qd2
O-O 9. Bc4 Bd7 10. h4 h5 11. O-O-O Rc8 12. Bb3 Ne5 13. Bh6 Nc4 14. Bxc4 Rxc4
15. Bxg7 Kxg7 16. Kb1 a6 17. Nde2 Qa5 18. Nf4 Be6 19. Nce2 Qxd2 20. Rxd2 Bd7
21. b3 Rc5 22. a4 Rfc8 23. Kb2 Kf8 24. Rc1 b6 25. Nd3 R5c7 26. Ra1 Bc6 27. Nb4
a5 28. Nd3 e6 29. c4 Bb7 30. Rad1 Ke7 31. Nc3 Rd7 32. Nb5 Rcd8 33. Nf4 Ne8 34.
Nh3 Bc6 35. Ng5 Ng7 36. Nc3 Bb7 37. g3 Bc6 38. f4 Ke8 39. Re1 Bb7 40. Nh7 Ke7
41. Ng5 Ba8 42. Rf2 f6 43. Nf3 Kf7 44. Nb5 Ne8 45. Nfd4 Re7 46. Ka3 e5 47. Nc2
exf4 48. Rxf4 Kg7 49. Nc3 Nc7 50. Ref1 Rf8 51. Nd4 Ne6 52. Nxe6+ Rxe6 53. g4
hxg4 54. Rxg4 Kh6 55. Rfg1 f5 56. exf5 gxf5 57. Rf4 Re3 58. Nb5 Rf3 59. Rd4 Rf6
60. Nxd6 f4 61. Rg8 Rf1 62. Rh8+ Kg6 63. h5+ Kg5 64. Rxa8 Kxh5 65. Rg8 Kh6 66.
Rd5 Kh7 67. Rg4 f3 68. Ne4 1-0

[Event "Lloyds Bank Masters 11th"]
[Site "London"]
[Date "1987.08.29"]
[Round "8"]
[White "Sherzer, Alex"]
[Black "Lodhi, Mahmood"]
[Result "1-0"]
[WhiteElo "2350"]
[BlackElo "2365"]
[PlyCount "61"]
[EventDate "1987.08.22"]
[EventType "swiss"]
[EventRounds "10"]
[EventCountry "ENG"]
[SourceTitle "BritBase"]
[Source "John Saunders"]
[SourceDate "2022.12.30"]
[SourceVersion "1"]
[SourceVersionDate "2022.12.30"]
[SourceQuality "1"]

1. e4 e5 2. Nf3 Nc6 3. Bb5 a6 4. Bxc6 dxc6 5. O-O f6 6. d4 Bg4 7. dxe5 Qxd1 8.
Rxd1 fxe5 9. Rd3 Bd6 10. Nbd2 Nf6 11. Nc4 Nxe4 12. Nfxe5 Bf5 13. f3 Nf6 14.
Rxd6 cxd6 15. Nxd6+ Ke7 16. Nxf5+ Ke6 17. Nxg7+ Kxe5 18. b3 Nd5 19. Bb2+ Kd6
20. c4 Nf4 21. g3 Rhg8 22. Rd1+ Ke7 23. gxf4 Rxg7+ 24. Bxg7 Rg8 25. Re1+ Kd6
26. c5+ Kd7 27. Kf2 Rxg7 28. Re5 a5 29. f5 Rg5 30. h4 Rg7 31. Ke3 1-0

[Event "Lloyds Bank Masters 11th"]
[Site "London"]
[Date "1987.08.29"]
[Round "8"]
[White "Thorhallsson, Throstur"]
[Black "Flear, Glenn C"]
[Result "1-0"]
[WhiteElo "2345"]
[BlackElo "2480"]
[PlyCount "121"]
[EventDate "1987.08.22"]
[EventType "swiss"]
[EventRounds "10"]
[EventCountry "ENG"]
[SourceTitle "BritBase"]
[Source "John Saunders"]
[SourceDate "2022.12.30"]
[SourceVersion "1"]
[SourceVersionDate "2022.12.30"]
[SourceQuality "1"]

1. e4 e5 2. Nf3 Nc6 3. Bc4 Nf6 4. d4 exd4 5. O-O Bc5 6. c3 Nxe4 7. cxd4 d5 8.
dxc5 dxc4 9. Qxd8+ Kxd8 10. Rd1+ Bd7 11. Be3 Ke7 12. Na3 Be6 13. Nb5 Rhc8 14.
Ng5 Nxg5 15. Bxg5+ f6 16. Bf4 Ne5 17. Bxe5 fxe5 18. Re1 Kf6 19. Re3 Bd7 20.
Rf3+ Ke6 21. Na3 b5 22. Re1 Re8 23. Rfe3 Kf6 24. Rf3+ Ke6 25. Rfe3 Kd5 26. Rd1+
Kc6 27. Nxb5 Kxb5 28. Rxd7 Rad8 29. Rxd8 Rxd8 30. Kf1 Rd2 31. b3 Rxa2 32. bxc4+
Kxc5 33. Rxe5+ Kxc4 34. Re7 c5 35. Rxg7 Kd3 36. Rd7+ Kc2 37. Rc7 Kd3 38. Rd7+
Kc3 39. Rxh7 c4 40. h4 Kd2 41. Rd7+ Kc2 42. g4 c3 43. g5 Ra4 44. g6 Rxh4 45. g7
Rg4 46. f3 Rg6 47. f4 a5 48. f5 Rg5 49. f6 a4 50. Ra7 Kb3 51. Rb7+ Kc4 52. f7
Rxg7 53. f8=Q Rxb7 54. Qc8+ Kd3 55. Qxb7 a3 56. Ke1 Kc2 57. Qe4+ Kc1 58. Qe3+
Kb2 59. Qb6+ Kc1 60. Qh6+ Kb2 61. Qb6+ 1-0

[Event "Lloyds Bank Masters 11th"]
[Site "London"]
[Date "1987.08.30"]
[Round "9"]
[White "Dlugy, Maxim"]
[Black "Wahls, Matthias"]
[Result "1-0"]
[WhiteElo "2545"]
[BlackElo "2435"]
[PlyCount "78"]
[EventDate "1987.08.22"]
[EventType "swiss"]
[EventRounds "10"]
[EventCountry "ENG"]
[SourceTitle "BritBase"]
[Source "John Saunders"]
[SourceDate "2022.12.30"]
[SourceVersion "1"]
[SourceVersionDate "2022.12.30"]
[SourceQuality "1"]

1. d4 Nf6 2. c4 e6 3. Nf3 c5 4. d5 exd5 5. cxd5 d6 6. Nc3 g6 7. Nd2 Bg7 8. e4
O-O 9. Be2 Re8 10. O-O Na6 11. f3 Nc7 12. a4 b6 13. Nc4 Ba6 14. Bg5 h6 15. Be3
Rb8 16. Qd2 Kh7 17. b3 Qe7 18. Bf4 Rbd8 19. g4 Nfxd5 20. exd5 Bxc3 21. Qxc3
Nxd5 22. Qd2 Nxf4 23. Qxf4 d5 24. Rae1 Qf8 25. Ne5 Bxe2 26. Rxe2 f6 27. Nc6
Rxe2 28. Qc7+ Qg7 29. Qxd8 d4 30. Rf2 Re6 31. Qd5 Re1+ 32. Kg2 Qc7 33. b4 Re3
34. bxc5 bxc5 35. Rb2 d3 36. Qxc5 Re2+ 37. Rxe2 dxe2 38. Kf2 Qxh2+ 39. Ke1 Qg2
1-0

[Event "Lloyds Bank Masters 11th"]
[Site "London"]
[Date "1987.08.30"]
[Round "9"]
[White "Ernst, Thomas"]
[Black "Ravikumar, Vaidyanathan"]
[Result "1-0"]
[WhiteElo "2455"]
[BlackElo "2305"]
[PlyCount "61"]
[EventDate "1987.08.22"]
[EventType "swiss"]
[EventRounds "10"]
[EventCountry "ENG"]
[SourceTitle "BritBase"]
[Source "John Saunders"]
[SourceDate "2022.12.30"]
[SourceVersion "1"]
[SourceVersionDate "2022.12.30"]
[SourceQuality "1"]

1. e4 e6 2. d4 d5 3. Nd2 Nf6 4. e5 Nfd7 5. Bd3 c5 6. c3 b6 7. Ne2 Ba6 8. Bxa6
Nxa6 9. O-O Be7 10. Nf4 cxd4 11. cxd4 g6 12. Nf3 Nb4 13. a3 Nc6 14. Nd3 Rc8 15.
Bd2 Ndb8 16. Rc1 Qd7 17. Bh6 Qd8 18. Qd2 Rg8 19. Ng5 Nxd4 20. Rxc8 Qxc8 21.
Nxh7 Rh8 22. Nf6+ Bxf6 23. exf6 Nbc6 24. Be3 Qb8 25. Bf4 Qd8 26. Be5 Rh4 27. f4
Nf5 28. Rc1 Nxe5 29. Nxe5 Kf8 30. g3 Rh8 31. Qc3 1-0

[Event "Lloyds Bank Masters 11th"]
[Site "London"]
[Date "1987.08.30"]
[Round "9"]
[White "Hartston, William R"]
[Black "Sherzer, Alex"]
[Result "1/2-1/2"]
[WhiteElo "2435"]
[BlackElo "2350"]
[PlyCount "55"]
[EventDate "1987.08.22"]
[EventType "swiss"]
[EventRounds "10"]
[EventCountry "ENG"]
[SourceTitle "BritBase"]
[Source "John Saunders"]
[SourceDate "2022.12.30"]
[SourceVersion "1"]
[SourceVersionDate "2022.12.30"]
[SourceQuality "1"]

1. d4 Nf6 2. Nf3 c5 3. d5 d6 4. Nc3 g6 5. e4 Bg7 6. Be2 O-O 7. O-O e6 8. dxe6
fxe6 9. Bg5 h6 10. Bh4 Nc6 11. e5 dxe5 12. Qxd8 Rxd8 13. Bxf6 Bxf6 14. Ne4 Be7
15. c3 Bd7 16. Rfe1 Be8 17. Bc4 Bf7 18. Bb5 Be8 19. Bc4 Bf7 20. h4 a6 21. a4
Rd7 22. g3 Kg7 23. Rad1 Rad8 24. Rxd7 Rxd7 25. Bf1 Rd5 26. Ned2 Bf6 27. Nc4 g5
28. hxg5 1/2-1/2

[Event "Lloyds Bank Masters 11th"]
[Site "London"]
[Date "1987.08.30"]
[Round "9"]
[White "Hebden, Mark"]
[Black "Arkell, Keith C"]
[Result "1-0"]
[WhiteElo "2515"]
[BlackElo "2400"]
[PlyCount "50"]
[EventDate "1987.08.22"]
[EventType "swiss"]
[EventRounds "10"]
[EventCountry "ENG"]
[SourceTitle "BritBase"]
[Source "John Saunders"]
[SourceDate "2022.12.30"]
[SourceVersion "1"]
[SourceVersionDate "2022.12.30"]
[SourceQuality "1"]

1. e4 c6 2. d4 d5 3. exd5 cxd5 4. c4 Nf6 5. Nc3 g6 6. Qb3 Bg7 7. cxd5 O-O 8.
Be2 Nbd7 9. Bf3 Nb6 10. Bg5 Bg4 11. Bxf6 Bxf3 12. Nxf3 Bxf6 13. O-O Qd6 14. a4
a5 15. Ra3 Rfd8 16. Ne4 Qb4 17. d6 Nc4 18. Qxb4 axb4 19. Rb3 Rxa4 20. Nc5 Ra2
21. dxe7 Bxe7 22. Rxb4 Nxb2 23. Rxb7 Bxc5 24. dxc5 Nd3 25. c6 Rc2 1-0

[Event "Lloyds Bank Masters 11th"]
[Site "London"]
[Date "1987.08.30"]
[Round "9"]
[White "Keitlinghaus, Ludger"]
[Black "Prasad, Devaki V"]
[Result "1-0"]
[WhiteElo "2400"]
[BlackElo "2425"]
[PlyCount "57"]
[EventDate "1987.08.22"]
[EventType "swiss"]
[EventRounds "10"]
[EventCountry "ENG"]
[SourceTitle "BritBase"]
[Source "John Saunders"]
[SourceDate "2022.12.30"]
[SourceVersion "1"]
[SourceVersionDate "2022.12.30"]
[SourceQuality "1"]

1. Nf3 g6 2. e4 Bg7 3. d4 d6 4. c4 Nf6 5. Nc3 O-O 6. h3 Nbd7 7. Be3 e5 8. d5
Nc5 9. Nd2 a5 10. g4 c6 11. Be2 cxd5 12. cxd5 Ne8 13. h4 f5 14. h5 Nxe4 15.
Ndxe4 fxe4 16. g5 gxh5 17. Qd2 Bf5 18. O-O-O a4 19. Kb1 Qa5 20. Rh4 a3 21. b3
Bg6 22. Bxh5 Rf4 23. Rh2 Bf5 24. Ne2 Qb5 25. Ng3 Nc7 26. Nxf5 Rxf5 27. Be2 Qe8
28. Qb4 Qf8 29. Qxe4 1-0

[Event "Lloyds Bank Masters 11th"]
[Site "London"]
[Date "1987.08.30"]
[Round "9"]
[White "Kinsman, Andrew PH"]
[Black "Paust, Wolf Dieter"]
[Result "1-0"]
[WhiteElo "2295"]
[BlackElo "2215"]
[PlyCount "49"]
[EventDate "1987.08.22"]
[EventType "swiss"]
[EventRounds "10"]
[EventCountry "ENG"]
[SourceTitle "BritBase"]
[Source "John Saunders"]
[SourceDate "2022.12.30"]
[SourceVersion "1"]
[SourceVersionDate "2022.12.30"]
[SourceQuality "1"]

1. d4 Nf6 2. Nf3 e6 3. c4 b6 4. g3 Ba6 5. Qa4 Be7 6. Nc3 c6 7. Bg2 O-O 8. O-O
Qc8 9. Bf4 Nh5 10. Bd2 d5 11. cxd5 b5 12. Qb3 exd5 13. Rac1 Nf6 14. Rfe1 Nbd7
15. e4 dxe4 16. Nxe4 Nd5 17. Nc3 Nxc3 18. Qxc3 Bf6 19. Ne5 Bxe5 20. dxe5 Qd8
21. Qxc6 Nxe5 22. Rxe5 Qxd2 23. Rce1 f6 24. Bd5+ Kh8 25. Qxa8 1-0

[Event "Lloyds Bank Masters 11th"]
[Site "London"]
[Date "1987.08.30"]
[Round "9"]
[White "Large, Peter G"]
[Black "Knott, Simon JB"]
[Result "1-0"]
[WhiteElo "2330"]
[BlackElo "2350"]
[PlyCount "79"]
[EventDate "1987.08.22"]
[EventType "swiss"]
[EventRounds "10"]
[EventCountry "ENG"]
[SourceTitle "BritBase"]
[Source "John Saunders"]
[SourceDate "2022.12.30"]
[SourceVersion "1"]
[SourceVersionDate "2022.12.30"]
[SourceQuality "1"]

1. e4 e6 2. d4 d5 3. Nc3 Bb4 4. exd5 exd5 5. Bd3 Nc6 6. a3 Bxc3+ 7. bxc3 Nf6 8.
Qf3 Qe7+ 9. Ne2 Bg4 10. Qe3 O-O-O 11. f3 Be6 12. Nf4 Bd7 13. O-O Qxe3+ 14. Bxe3
Ne7 15. g4 h5 16. h3 hxg4 17. hxg4 Ne8 18. Rae1 Ba4 19. Kg2 Rd7 20. Rh1 Rg8 21.
Rh5 g6 22. Re5 Kd8 23. Bf2 Rh8 24. Rb1 Bc6 25. c4 dxc4 26. Bxc4 Nd6 27. Bd3 f6
28. Ree1 g5 29. Ne6+ Kc8 30. c4 f5 31. d5 Nxd5 32. cxd5 Bxd5 33. gxf5 g4 34.
Bg3 Bxf3+ 35. Kf2 Rf7 36. Rbc1 Bc6 37. Nd4 Kd7 38. Nxc6 bxc6 39. Red1 Rh6 40.
Kg2 1-0

[Event "Lloyds Bank Masters 11th"]
[Site "London"]
[Date "1987.08.30"]
[Round "9"]
[White "Littlewood, Paul E"]
[Black "Sowray, Peter John"]
[Result "1-0"]
[WhiteElo "2470"]
[BlackElo "2315"]
[PlyCount "71"]
[EventDate "1987.08.22"]
[EventType "swiss"]
[EventRounds "10"]
[EventCountry "ENG"]
[SourceTitle "BritBase"]
[Source "John Saunders"]
[SourceDate "2022.12.30"]
[SourceVersion "1"]
[SourceVersionDate "2022.12.30"]
[SourceQuality "1"]

1. d4 d5 2. c4 e6 3. Nc3 Nf6 4. cxd5 exd5 5. Bg5 Be7 6. e3 O-O 7. Bd3 c6 8. Qc2
Nbd7 9. Nge2 Re8 10. O-O-O Nf8 11. h3 Nh5 12. Bxe7 Qxe7 13. g4 Nf6 14. Ng3 Be6
15. Kb1 c5 16. Nf5 Bxf5 17. Bxf5 Ne6 18. dxc5 Red8 19. Bxe6 fxe6 20. g5 Ne8 21.
g6 h6 22. e4 Qxc5 23. exd5 exd5 24. Qf5 Nf6 25. Rhe1 Rd6 26. Re6 Qc8 27. Rde1
d4 28. Nb5 Rd5 29. Qd3 Qd7 30. a4 Re8 31. Rxe8+ Nxe8 32. Qc4 Nf6 33. Nc7 Qc8
34. Qb3 Qf5+ 35. Ka2 Qxf2 36. Nxd5 1-0

[Event "Lloyds Bank Masters 11th"]
[Site "London"]
[Date "1987.08.30"]
[Round "9"]
[White "Martin, Andrew D"]
[Black "Sahu, Sekhar Chandra"]
[Result "1-0"]
[WhiteElo "2375"]
[BlackElo "2380"]
[PlyCount "81"]
[EventDate "1987.08.22"]
[EventType "swiss"]
[EventRounds "10"]
[EventCountry "ENG"]
[SourceTitle "BritBase"]
[Source "John Saunders"]
[SourceDate "2022.12.30"]
[SourceVersion "1"]
[SourceVersionDate "2022.12.30"]
[SourceQuality "1"]

1. d4 Nf6 2. Nf3 c5 3. d5 g6 4. Nc3 Bg7 5. e4 O-O 6. Bf4 d6 7. Qd2 Qa5 8. Be2
a6 9. O-O b5 10. a3 b4 11. axb4 Qxb4 12. e5 Nh5 13. Ra4 Qb6 14. Bh6 dxe5 15.
Bxg7 Nxg7 16. Nxe5 Nf5 17. Bf3 Ra7 18. Rf4 Nd4 19. Re1 f6 20. Nc4 Qb4 21. b3
Nb5 22. Na4 Qxd2 23. Nxd2 g5 24. Rc4 Nd7 25. Rxe7 Nb6 26. Rce4 f5 27. Re1 Rxe7
28. Rxe7 Nxa4 29. bxa4 Nd6 30. Rc7 Rd8 31. Rxc5 Bd7 32. Nc4 Rb8 33. h3 Rb1+ 34.
Kh2 Nxc4 35. Rxc4 Kf8 36. d6 g4 37. hxg4 fxg4 38. Bxg4 Bxg4 39. Rxg4 Rd1 40.
Rc4 Rxd6 41. g4 1-0

[Event "Lloyds Bank Masters 11th"]
[Site "London"]
[Date "1987.08.30"]
[Round "9"]
[White "Zueger, Beat"]
[Black "Wilder, Michael"]
[Result "0-1"]
[WhiteElo "2405"]
[BlackElo "2505"]
[PlyCount "80"]
[EventDate "1987.08.22"]
[EventType "swiss"]
[EventRounds "10"]
[EventCountry "ENG"]
[SourceTitle "BritBase"]
[Source "John Saunders"]
[SourceDate "2022.12.30"]
[SourceVersion "1"]
[SourceVersionDate "2022.12.30"]
[SourceQuality "1"]

1. d4 Nf6 2. c4 e6 3. Nc3 Bb4 4. e3 b6 5. Nge2 Ba6 6. Ng3 O-O 7. e4 Nc6 8. Bd3
e5 9. d5 Na5 10. h4 Ne8 11. Bd2 Bxc4 12. Bxc4 Nxc4 13. Qb3 Bxc3 14. Bxc3 Ned6
15. Qc2 f6 16. a4 Nf7 17. Bb4 Ncd6 18. O-O Rc8 19. Rfd1 a5 20. Ba3 f5 21. Nxf5
Nxf5 22. exf5 d6 23. Rac1 Qxh4 24. Rd3 Nh6 25. Rc3 Nxf5 26. Rh3 Qg5 27. b3 h6
28. Bb2 Rf7 29. Qd3 Rcf8 30. Rc4 Ne7 31. Bc1 Qf5 32. Rxc7 Qxf2+ 33. Kh2 Nf5 34.
Rxf7 Rxf7 35. Qb5 Nd4 36. Qe8+ Rf8 37. Qh5 Qf7 38. Qh4 Nf5 39. Qc4 Ne7 40. Rd3
Rc8 0-1

[Event "Lloyds Bank Masters 11th"]
[Site "London"]
[Date "1987.08.31"]
[Round "10"]
[White "Gerber, Richard"]
[Black "Whiteley, Andrew Jonathan"]
[Result "1-0"]
[WhiteElo "2275"]
[BlackElo "2380"]
[PlyCount "59"]
[EventDate "1987.08.22"]
[EventType "swiss"]
[EventRounds "10"]
[EventCountry "ENG"]
[SourceTitle "BritBase"]
[Source "John Saunders"]
[SourceDate "2022.12.30"]
[SourceVersion "1"]
[SourceVersionDate "2022.12.30"]
[SourceQuality "1"]

1. d4 d5 2. c4 c6 3. Nf3 Nf6 4. Nc3 e6 5. Bg5 h6 6. Bh4 dxc4 7. e4 g5 8. Bg3 b5
9. e5 Nd5 10. h4 gxh4 11. Bxh4 Qa5 12. Be2 Nxc3 13. bxc3 Qxc3+ 14. Kf1 Nd7 15.
Rc1 Qa5 16. Nd2 Bb7 17. Bh5 Rg8 18. Qf3 Rg7 19. Qh3 Be7 20. Qxe6 Qa3 21. Rd1
Nf8 22. Qxh6 Rh7 23. Bxe7 Qd3+ 24. Be2 Rxh6 25. Rxh6 Qf5 26. Bf6 Ne6 27. Bf3
Qd3+ 28. Kg1 Nxd4 29. Bg4 Ne6 30. Ne4 1-0

[Event "Lloyds Bank Masters 11th"]
[Site "London"]
[Date "1987.08.31"]
[Round "10"]
[White "Hansen, Lars Bo"]
[Black "Hartston, William R"]
[Result "1/2-1/2"]
[WhiteElo "2355"]
[BlackElo "2435"]
[PlyCount "35"]
[EventDate "1987.08.22"]
[EventType "swiss"]
[EventRounds "10"]
[EventCountry "ENG"]
[SourceTitle "BritBase"]
[Source "John Saunders"]
[SourceDate "2022.12.30"]
[SourceVersion "1"]
[SourceVersionDate "2022.12.30"]
[SourceQuality "1"]

1. d4 Nf6 2. c4 c5 3. d5 e5 4. Nc3 d6 5. e4 Be7 6. g3 Na6 7. Bg2 Rb8 8. a4 Nb4
9. Nh3 h5 10. f3 h4 11. g4 Nh7 12. Qd2 Nf8 13. O-O Ng6 14. Qe2 O-O 15. Be3 b6
16. Rfb1 Bf6 17. Qd2 a6 18. Bf1 1/2-1/2

[Event "Lloyds Bank Masters 11th"]
[Site "London"]
[Date "1987.08.31"]
[Round "10"]
[White "Lev, Ronen"]
[Black "Flear, Glenn C"]
[Result "1/2-1/2"]
[WhiteElo "2400"]
[BlackElo "2480"]
[PlyCount "141"]
[EventDate "1987.08.22"]
[EventType "swiss"]
[EventRounds "10"]
[EventCountry "ENG"]
[SourceTitle "BritBase"]
[Source "John Saunders"]
[SourceDate "2022.12.30"]
[SourceVersion "1"]
[SourceVersionDate "2022.12.30"]
[SourceQuality "1"]

1. d4 d5 2. c4 e6 3. Nf3 Nf6 4. Nc3 c6 5. cxd5 exd5 6. Bg5 Be7 7. Qc2 g6 8. e3
Bf5 9. Bd3 Bxd3 10. Qxd3 Nbd7 11. O-O O-O 12. Rab1 a5 13. Qc2 Re8 14. a3 Ne4
15. Bxe7 Qxe7 16. b4 axb4 17. axb4 Nd6 18. b5 Nc4 19. Ra1 Nf6 20. h3 Rec8 21.
bxc6 bxc6 22. Nd2 Nxe3 23. fxe3 Qxe3+ 24. Kh1 Nh5 25. Rfe1 Rxa1 26. Rxa1 Ng3+
27. Kh2 Qf4 28. Nf3 Ne2+ 29. Kh1 Nxd4 30. Nxd4 Qxd4 31. Rd1 Qc5 32. Qd2 Re8 33.
Re1 Rxe1+ 34. Qxe1 h5 35. Qe8+ Kg7 36. Qe5+ Kf8 37. Kh2 Qc4 38. Qb8+ Ke7 39.
Qe5+ Kd7 40. Ne2 Qb4 41. Qe3 Qd6+ 42. Kh1 Qe7 43. Qa7+ Kd6 44. Qa3+ c5 45. Qa6+
Ke5 46. Qd3 Kf6 47. Qf3+ Kg7 48. Qxd5 Qxe2 49. Qxc5 Qf1+ 50. Kh2 h4 51. Qd4+
Qf6 52. Qd5 Qf4+ 53. Kh1 g5 54. Qd7 Qe4 55. Qd2 Qf4 56. Qc3+ Kg6 57. Qd3+ Qf5
58. Qd6+ Kh7 59. Qd1 Qe5 60. Qd3+ Kg7 61. Qf1 Qe4 62. Qd1 Kg6 63. Qd6+ f6 64.
Qd1 g4 65. hxg4 Kg5 66. Kg1 Qe3+ 67. Kf1 Qg3 68. Qd7 Qxg4 69. Qg7+ Kf5 70. Qd7+
Kf4 71. Qc7+ 1/2-1/2

[Event "Lloyds Bank Masters 11th"]
[Site "London"]
[Date "1987.08.31"]
[Round "10"]
[White "Prasad, Devaki V"]
[Black "Britton, Richard"]
[Result "1-0"]
[WhiteElo "2425"]
[BlackElo "2275"]
[PlyCount "53"]
[EventDate "1987.08.22"]
[EventType "swiss"]
[EventRounds "10"]
[EventCountry "ENG"]
[SourceTitle "BritBase"]
[Source "John Saunders"]
[SourceDate "2022.12.30"]
[SourceVersion "1"]
[SourceVersionDate "2022.12.30"]
[SourceQuality "1"]

1. e4 c5 2. Nf3 d6 3. d4 cxd4 4. Nxd4 Nf6 5. Nc3 a6 6. f4 Nbd7 7. a4 e5 8. Nf3
g6 9. Bd3 Bg7 10. O-O O-O 11. Kh1 b6 12. Qe1 Bb7 13. fxe5 dxe5 14. Qh4 Qc7 15.
Bh6 Nh5 16. Bxg7 Kxg7 17. Ng5 Ndf6 18. Rf3 h6 19. Nh3 Rac8 20. Raf1 Qd6 21. Qf2
Rc7 22. Qe2 Ra8 23. Bc4 Qc5 24. b3 g5 25. Nd5 Bxd5 26. exd5 Nf4 27. Qxe5 1-0

[Event "Lloyds Bank Masters 11th"]
[Site "London"]
[Date "1987.08.31"]
[Round "10"]
[White "Sherzer, Alex"]
[Black "Littlewood, Paul E"]
[Result "1-0"]
[WhiteElo "2350"]
[BlackElo "2470"]
[PlyCount "101"]
[EventDate "1987.08.22"]
[EventType "swiss"]
[EventRounds "10"]
[EventCountry "ENG"]
[SourceTitle "BritBase"]
[Source "John Saunders"]
[SourceDate "2022.12.30"]
[SourceVersion "1"]
[SourceVersionDate "2022.12.30"]
[SourceQuality "1"]

1. e4 e5 2. Nf3 Nc6 3. Bb5 a6 4. Bxc6 dxc6 5. O-O f6 6. d4 exd4 7. Nxd4 c5 8.
Nb3 Qxd1 9. Rxd1 Bg4 10. f3 Be6 11. Be3 b6 12. Nc3 Bd6 13. a4 Kf7 14. a5 c4 15.
Nd4 b5 16. f4 Ne7 17. e5 fxe5 18. fxe5 Bxe5 19. Rf1+ Bf6 20. Bg5 Rad8 21. Bxf6
gxf6 22. Ne4 Rxd4 23. Rxf6+ Kg7 24. Rxe6 Ng6 25. c3 Rd3 26. Rxa6 Re8 27. Nf6
Re5 28. Rf1 Rd2 29. Rc6 Re7 30. Rxc7 Rxb2 31. Ne8+ Kh6 32. Rxe7 Nxe7 33. a6 Ra2
34. Nc7 Nc8 35. Rf8 Na7 36. Rb8 Rb2 37. Rb7 b4 38. Nd5 bxc3 39. Nxc3 Rxb7 40.
axb7 Nc6 41. Kf2 Kg5 42. Nd5 h5 43. Ke3 h4 44. h3 Nb8 45. Kd4 Kf5 46. Kxc4 Ke4
47. Kc5 Ke5 48. Ne7 Ke6 49. Nc6 Nd7+ 50. Kd4 Kf5 51. Ke3 1-0

[Event "Lloyds Bank Masters 11th"]
[Site "London"]
[Date "1987.08.31"]
[Round "10"]
[White "Stefansson, Hannes"]
[Black "Rossiter, Philip J"]
[Result "1-0"]
[WhiteElo "2335"]
[BlackElo "2220"]
[PlyCount "53"]
[EventDate "1987.08.22"]
[EventType "swiss"]
[EventRounds "10"]
[EventCountry "ENG"]
[SourceTitle "BritBase"]
[Source "John Saunders"]
[SourceDate "2022.12.30"]
[SourceVersion "1"]
[SourceVersionDate "2022.12.30"]
[SourceQuality "1"]

1. e4 c5 2. Nf3 e6 3. d4 cxd4 4. Nxd4 Nf6 5. Nc3 d6 6. Be3 Be7 7. g4 h6 8. Qe2
a6 9. O-O-O Qc7 10. f4 Nc6 11. Rg1 Nxd4 12. Bxd4 e5 13. Be3 exf4 14. Bxf4 Be6
15. Nd5 Bxd5 16. exd5 Rc8 17. h4 Qc5 18. Be3 Qa5 19. Kb1 Nxd5 20. Bd4 Kf8 21.
a3 Bxh4 22. Qf3 Qa4 23. Qxd5 Qxc2+ 24. Ka2 Qc6 25. Bg2 f6 26. Qe6 Qc7 27. Rc1
1-0

[Event "Lloyds Bank Masters 11th"]
[Site "London"]
[Date "1987.08.31"]
[Round "10"]
[White "Watson, William N"]
[Black "Roeder, Mathias"]
[Result "1-0"]
[WhiteElo "2530"]
[BlackElo "2250"]
[PlyCount "83"]
[EventDate "1987.08.22"]
[EventType "swiss"]
[EventRounds "10"]
[EventCountry "ENG"]
[SourceTitle "BritBase"]
[Source "John Saunders"]
[SourceDate "2022.12.30"]
[SourceVersion "1"]
[SourceVersionDate "2022.12.30"]
[SourceQuality "1"]

1. e4 e5 2. Nf3 Nc6 3. Bb5 a6 4. Ba4 Nf6 5. O-O b5 6. Bb3 Be7 7. Re1 d6 8. c3
O-O 9. h3 Nb8 10. d4 Nbd7 11. Nbd2 Bb7 12. Bc2 Re8 13. Nf1 Bf8 14. Ng3 g6 15.
a4 c5 16. d5 c4 17. Bg5 h6 18. Be3 Nc5 19. Rf1 Rb8 20. Qd2 Kh7 21. axb5 axb5
22. Nh2 Qe7 23. Rae1 Bg7 24. f4 exf4 25. Rxf4 Ncd7 26. Nf3 Ne5 27. Nxe5 dxe5
28. Rf3 Rf8 29. Qf2 Ne8 30. Bc5 Nd6 31. Bxd6 Qxd6 32. Rxf7 Rxf7 33. Qxf7 Qb6+
34. Kh2 Rf8 35. Qe7 Rf2 36. Re2 Rxe2 37. Nxe2 Qf2 38. Bd1 Bc8 39. d6 Bxh3 40.
Kxh3 g5 41. Ng3 Qf4 42. Bg4 1-0